1986 1650 1304 1145 1671 1231 1640 1572 1357 1060 1684 1063 1498 1613 1165 1876 1080 1272 1503 1329 1581 1431 1344 1248 1743 1275 1704 1879 1317 1533 1243 1634 1934 1709 1325 1609 1598 1126 1042 1644 1683 1212 1257 1589 1582 1057 1530 1148 1599 1900 1895 1829 1549 1435 1330 1377 1999 1400 1680 1831 1111 1086 1580 1105 1091 1102 1514 1479 1888 1655 1994 1231 1621 1249 1621 1563 1969 1374 1884 1728 1485 1962 1762 1062 1354 1867 1749 1341 1729 1671 1670 1081 1883 1187 1937 1741 1745 1421 1142 BCNSPRNW ULIB Ver.6.0+V

เปลี่ยนเป็นภาษาไทย

Change to English
 แสดงรายละเอียดบรรณานุกรม
  กลับหน้าหลัก

Brief Record : Get Marc (ISO 2709) : E-mail record : QR code < ปิดหน้าต่าง
LEADER : 00000nam 2200000uu 4500
001    13399122810
003     ULIB
008    131003s2555||||th 000 0 tha d
020    ^a9786165169523
050  4 ^aDS520^bป546ร
100    ^aปานเสก อาทรธุระสุข
245    ^aเรื่องควรรู้สู่ประชาคมอาเซียน /^cปานเสก อาทรธุระสุข
260    ^aกรุงเทพฯ :^bเนชั่น เอ็ดดูเทนเมนท์,^c2555
300    ^a119 หน้า
650    ^aประชาคมอาเซียน
945    ^p110^l0^i034034
999    ^aกมลทิพย์ ธนสารสุธี
รายการนี้ยังไม่มีแท็ก
คุณยังไม่ได้ล็อกอิน คุณสามารถมีกิจกรรมร่วมกับเว็บไซต์ได้ แต่ต้องล็อกอินก่อน ::
  ล็อกอิน

รายการสื่อสารสนเทศ

ลำดับที่ ประเภท เลขเรียก/บาร์โค้ด สถานที่ สถานะ
1. การศึกษาทั่วไป
หนังสือสำรอง
สถานะ=หนังสือสำรอง
DS520 ป546ร ฉ.1 
  Barcode: 034034
ห้องสมุดวิทยาเขตสวรรค์ประชารักษ์
►หนังสือทั่วไป
บนชั้น

รายการใกล้เคียง
    ผู้แต่ง [ปานเสก อาทรธุระสุข]

    หัวเรื่อง [ประชาคมอาเซียน]

BibComment


ยังไม่เคยถูกคอมเมนท์

คอมเมนท์ทรัพยากรรายการนี้
  คอมเมนท์: เรื่องควรรู้สู่ป..


 Copyright 2026. Bcnsprnw @Library